Arctic Monkeys Lyrics - Cornerstone - Statistics

General Stats
  • This quiz has been taken 1,018 times
    947 since last reset
  • The average score is 250 of 290
Answer Stats
Lyrics % Correct
a
100%
a-
100%
I
100%
you
100%
You
100%
saw
98%
the
98%
hear
97%
her
97%
on
97%
On
97%
was
97%
call
96%
in
96%
it
96%
It
96%
name
96%
name?"
96%
name"
96%
thought
96%
to
96%
to,
96%
your
96%
When
95%
But
94%
but
94%
close,
94%
close
94%
me
94%
me,
94%
my
94%
"No,
94%
be
93%
can
93%
look-
93%
look
93%
She
93%
she
93%
like
92%
only
91%
And
90%
and
90%
asked
88%
could
88%
ghost
88%
not
87%
Under
87%
enough
86%
for
85%
home
85%
if
85%
closer
84%
way
84%
can't
83%
Cornerstone
83%
sister
83%
that
83%
anything
82%
elongated
82%
I'm
82%
"I'm
82%
want"
82%
long
81%
myself
81%
vision
81%
round
80%
lift
79%
light
79%
Rusty
79%
seatbelt
79%
so
79%
Battleship
78%
let
78%
nothing
78%
toast
78%
trick
78%
were
78%
wet
78%
chances
77%
go
77%
kept
77%
own
77%
chair
76%
Hook
76%
said,
76%
sitting
76%
turned
76%
walls
76%
yes
76%
man
75%
scent
75%
there
75%
Yeah,
74%
shortcuts
73%
smelt
73%
very
73%
face
72%
get
72%
him
72%
middle
72%
might
72%
"Please,
72%
politely
72%
understand
72%
alarm
71%
smoke
71%
whoever
71%
place?
70%
Tell
70%
tightly
70%
with
70%
arm
69%
broken
69%
forget
69%
held
69%
hiding
69%
speak
69%
supposed
69%
kissed
68%
Parrot's
68%
really
68%
think
68%
too
68%
up
68%
all
67%
couldn't
67%
had
67%
I'll
67%
much
67%
phone
67%
where's
67%
worried
67%
Messing
66%
over
66%
warning
66%
Beak
65%
along
64%
beginning
64%
wicker
64%
everyone
62%
loud
62%
awfully
61%
imagined
61%
wrote
60%
I've
59%
wandered
59%
'Til
58%
out
57%
Huddled
55%
well,
52%
Letraset
37%
No matching quizzes found
Score Distribution
Percent of People with Each Score
Percentile by Number Answered
Your Score History
You have not taken this quiz since the last reset